000 00495nam a22001817a 4500
003 OSt
008 260606b |||||||| |||| 00| 0 eng d
020 _a9781071642979
082 _a572.640284
_bW72T
245 _aTissue Proteomics: Methods and Protocols/
_bedited by Taufika Islam Williams
260 _aNew York:
_bSpringer;
_c2025.
300 _axv, 393 p.
650 _aPure Sciences
650 _aBiology
650 _aProteomics
700 _aWilliams, Taufika Islam
942 _2ddc
_cBK
999 _c51605
_d51605